College Quizbowl Stats
College Quizbowl Stats
Circuits
Seasons
Sets
Records
Detailed Stats
About
Loading...
2024 Booster Shot (WUSTL)
Tossups
Bonuses
Players
Teams
Categories (Tossup)
Categories (Bonus)
Rohan Krishnamoorthi
WUSTL A
Categories
Category
Powers
Gets
Negs
BBs
Points
Earliest Buzz
Avg. Buzz
First Buzzes
Top 3 Buzzes
History - American History
1
0
0
0
15
42
42.00
1
1
Mythology
1
0
0
0
15
70
70.00
1
1
Science - Chemistry
1
0
0
0
15
57
57.00
1
1
Science - Other Science
1
0
0
0
15
46
46.00
1
1
History - European History
0
1
0
0
10
83
83.00
0
1
Buzzes
Category
Answer
Value
Buzz Position
History - American History
California
15
42
Science - Other Science
artificial neural networks
15
46
Science - Chemistry
atomic radius
15
57
Mythology
Krishna
15
70
History - European History
pants
10
83
Previous
1
Next